Wszystkie miasta w województwie Dolnośląskim (2023) - Statystyki

Ogólne statystyki
  • Ten quiz został rozwiązany 43 razy
  • Średni wynik to 58 z 93
Statystyki odpowiedzi
Ludność Miasto % Poprawnych
673 923 Wrocław
100%
93 473 Legnica
97%
102 490 Wałbrzych
97%
76 184 Jelenia Góra
92%
25 239 Kłodzko
92%
68 775 Lubin
92%
53 797 Świdnica
89%
37 355 Bolesławiec
86%
35 503 Oleśnica
86%
29 371 Zgorzelec
86%
33 158 Oława
84%
31 256 Dzierżoniów
81%
63 240 Głogów
81%
21 585 Polkowice
81%
14 437 Złotoryja
81%
28 475 Bielawa
78%
21 077 Jawor
78%
17 555 Kamienna Góra
78%
9449 Kudowa-Zdrój
78%
10 965 Góra
76%
9566 Środa Śląska
76%
12 035 Strzelin
76%
2400 Bardo
73%
4333 Karpacz
73%
19 851 Lubań
73%
10 915 Milicz
73%
12 102 Wołów
73%
14 427 Ząbkowice Śląskie
73%
4124 Duszniki-Zdrój
70%
7214 Kąty Wrocławskie
70%
8284 Lwówek Śląski
70%
15 138 Strzegom
70%
22 002 Świebodzice
70%
4038 Świeradów-Zdrój
70%
4661 Bolków
68%
15 205 Jelcz-Laskowice
68%
6064 Polanica-Zdrój
68%
13 718 Trzebnica
68%
16 322 Bogatynia
65%
9227 Bystrzyca Kłodzka
65%
4376 Kamieniec Ząbkowicki
65%
5060 Lądek-Zdrój
65%
20 831 Nowa Ruda
65%
7004 Sobótka
65%
5061 Stronie Śląskie
65%
5817 Szklarska Poręba
65%
2505 Złoty Stok
65%
12 637 Brzeg Dolny
62%
2434 Międzylesie
59%
8042 Ziębice
59%
5046 Jaworzyna Śląska
57%
4723 Jedlina-Zdrój
57%
9961 Syców
57%
5266 Szczawno-Zdrój
57%
14 455 Boguszów-Gorce
54%
10 003 Kowary
54%
4090 Leśna
54%
2078 Miękinia
54%
2720 Niemcza
54%
9075 Oborniki Śląskie
54%
10 525 Siechnice
54%
4862 Szczytna
54%
6218 Żmigród
54%
12 532 Chojnów
51%
6256 Gryfów Śląski
51%
5623 Lubawka
51%
1598 Wleń
51%
6872 Pieszyce
49%
2293 Radków
49%
5345 Ścinawa
49%
5834 Piechowice
46%
5539 Pieńsk
46%
6276 Twardogóra
46%
2297 Wiązów
46%
3493 Wojcieszów
46%
4530 Bierutów
43%
5992 Głuszyca
43%
2677 Węgliniec
43%
7483 Chocianów
41%
3688 Mirsk
41%
3537 Prochowice
41%
2173 Prusice
41%
5689 Przemków
41%
2043 Świerzawa
41%
6517 Żarów
41%
3782 Mieroszów
38%
4133 Nowogrodziec
38%
1754 Lubomierz
35%
2343 Międzybórz
35%
4335 Olszyna
35%
6016 Piława Górna
35%
2588 Wąsosz
35%
3855 Zawidów
32%
Nie znaleziono quizów pasujących do podanych kryteriów
Rozkład punktacji
Procent ludzi z każdym wynikiem
Percentyl według liczby udzielonych odpowiedzi
Twoja historia wyników
Nie rozwiązałeś tego quizu